00849cam a22002777a 450000500170000000800410001701000100005801100100006803500100007808200150008810000290010324500460013226000330017830000100021149000310022159000410025259000410029359000420033465000180037665000300039470000290042483000390045390100070049294900550049999900170055420220329141150.0971010s1988 r 00010 d a63717 a64689 a70703 a664.92bC700aCross, H. Rusell.929189 0aMeat science, milk science and technology aAmsterdam :bElsevier,c1988 a458 p 0aWorld animal sciencev; 83 aBATCH-UPDb10c20130110lUCH01h0420 aBATCH-UPDb10c20130110lUCH01h2235 aCONVERSIONb10c20130109lUCH01h133414aCarne.91905314aIndustria lechera.9578190 aOverby, Akes Jul.9843900 aWorld animal sciencev; 839122687 aBK a664.92 C7bIAcLIBROd-3086eLIBROh3427i70703si c63717d63717